000
00277nam a2200085Ia 4500
245
0
_a
Business logistics management : a supply chain perspective
100
_a
Pienaar, Wessel J., Cape Town, 2009 3rd ed
_9
86262
942
_c
BK
008
210817s9999 xx 000 0 und d
999
_c
328400
_d
328399